[Event "IV Copa Marcel Duchamp 2020"]
[Site "Montevideo"]
[Date "2020.02.08"]
[Round "1.12"]
[White "Boabaid, Jorge Alberto Duarde"]
[Black "Liascovich, Lucas"]
[Result "0-1"]
[WhiteElo "1786"]
[BlackElo "2425"]
[Annotator "TA"]
[PlyCount "62"]
[EventDate "2020.02.08"]
[EventType "swiss"]
[EventCountry "URU"]
[SourceTitle "playchess.com"]
[Source "ChessBase"]
[SourceQuality "1"]

{[%evp 17,62,-10,-7,0,0,0,0,-15,-17,-123,-137,-126,-135,-155,-168,-168,-177,-188,-191,-218,-211,-223,-207,-208,-224,-303,-263,-277,-254,-282,-258,-294,-274,-311,-312,-300,-297,-312,-304,-430,-425,-404,-367,-815,-803,-1019,-1021]} 1. e4 c5 2. Nf3 e6 3. d4 cxd4 4. Nxd4 Nf6 5. Nc3 Nc6 6. Ndb5 Bc5 7. Nd6+ Ke7 8. Nxc8+ Rxc8 9. Be2 a6 10. O-O {B45: Sicilian Four Knights.} Re8 {[#]} 11. Kh1 $146 ({Predecessor:} 11. Bg5 Kf8 12. Kh1 b5 13. f4 d6 14. f5 Bd4 15. fxe6 fxe6 16. Bh5 Re7 17. e5 Bxe5 {1-0 (33) Imeeva,A (2059)-Sirkova,D (2094) Batumi 2010}) 11... Bd4 12. f4 {And now e5 would win.The position is equal.} Bxc3 13. e5 {[#]} (13. bxc3 $11 Nxe4 14. Bf3) 13... Bxe5 $1 $17 14. fxe5 Nxe5 15. Bf4 d6 16. Rc1 Qb6 17. b3 Nd5 18. c4 Nxf4 19. Rxf4 Qe3 20. Rh4 h6 21. Rd4 Red8 22. Rc2 {[#]} b5 $1 23. Rcd2 (23. cxb5 Rxc2) 23... bxc4 24. bxc4 Qa3 25. h3 Qc5 26. Qe1 g5 27. Qg3 Rb8 28. Bh5 (28. Qe1 $142) 28... Rb1+ $19 29. Kh2 f5 30. Be2 $2 (30. Rd1) 30... Nc6 31. Rd1 Nxd4 {Accuracy: White = 51%, Black = 100%.} 0-1

[Event "IV Copa Marcel Duchamp 2020"]
[Site "Montevideo"]
[Date "2020.02.08"]
[Round "1.13"]
[White "Acosta, Pablo Ismael"]
[Black "Serafim Junior, Arnor"]
[Result "1-0"]
[WhiteElo "2416"]
[BlackElo "1765"]
[Annotator "TA"]
[PlyCount "63"]
[EventDate "2020.02.08"]
[EventType "swiss"]
[EventCountry "URU"]
[SourceTitle "playchess.com"]
[Source "ChessBase"]
[SourceQuality "1"]

{[%evp 9,63,18,55,-4,32,42,16,-6,33,-44,110,106,114,119,114,96,95,89,92,98,68,77,66,75,162,131,166,171,166,166,202,186,207,194,355,357,349,349,506,497,623,628,616,451,600,623,614,595,631,627,607,349,785,0,521,-8]} 1. e4 c5 2. Nf3 e6 3. b3 Nf6 4. e5 Nd5 5. c4 Nb6 6. Nc3 {B40: Sicilian: 2...e6, Unusual lines.} ({Better is} 6. b4 $14) 6... d6 7. exd6 Bxd6 {[#]} 8. Ne4 $146 {The position is equal.} ({Predecessor:} 8. Bb2 O-O 9. Be2 e5 10. Ne4 Nc6 11. d3 Qc7 12. Nxd6 Qxd6 13. O-O f6 14. Qd2 {1-0 (51) Heinemann,E (2186)-Dan,E (2112) Germany 2011}) 8... Nc6 9. Ba3 ({White should try} 9. d4 $14 Be7 10. dxc5 Qxd1+ 11. Kxd1) 9... Qe7 $2 {[#]} (9... e5 $15) 10. d4 $16 {[%cal Rd4c5]} Nd7 11. Nxd6+ Qxd6 12. dxc5 Qc7 {[#] Hoping for ...Qa5+.} 13. Qd2 $36 {[%mdl 2048] Keeping Black busy.} O-O 14. Be2 Rd8 15. Qc3 Nf6 16. Bb2 Ne7 (16... e5 $16 {was necessary.}) 17. b4 a5 18. a3 Ng6 19. O-O Bd7 20. Ne5 Nxe5 21. Qxe5 Rac8 $2 (21... Qxe5 22. Bxe5 Rdc8) 22. Qxc7 $18 Rxc7 23. Rfd1 axb4 (23... Rcc8 {is a better defense.} 24. Be5 h6) 24. axb4 {[%cal Ba3b4,Bb4b5][%mdl 32]} Rcc8 25. Bf3 Bc6 26. b5 Bxf3 27. Rxd8+ Rxd8 28. gxf3 {KRB-KRN} h6 29. Ra7 Rc8 30. Ba3 Rd8 $2 (30... Rb8 31. Bb2 Kh7) 31. Bb2 $2 ({Only move:} 31. Rxb7 $18 Nh5 32. h3) 31... Nd7 $2 {[%mdl 8192]} (31... Rc8 $1 $11 {and Black has nothing to worry.}) 32. Ra3 $2 {[%mdl 32768] Accuracy: White = 70%, Black = 24%. . Loss on time!?} (32. Bd4 $18) 1-0

[Event "IV Copa Marcel Duchamp 2020"]
[Site "Montevideo"]
[Date "2020.02.08"]
[Round "1.14"]
[White "Larrea, Daniela"]
[Black "Menna Barreto, Felipe Kubiaki"]
[Result "0-1"]
[WhiteElo "1757"]
[BlackElo "2395"]
[Annotator "TA"]
[PlyCount "56"]
[EventDate "2020.02.08"]
[EventType "swiss"]
[EventCountry "URU"]
[SourceTitle "playchess.com"]
[Source "ChessBase"]
[SourceQuality "1"]

{[%evp 16,56,45,41,38,5,9,0,30,19,26,-19,-2,-4,9,-43,-19,-75,-74,-73,-74,-98,-29,-47,18,-28,-18,-61,-43,-50,-52,-68,-68,-73,-24,-12,-22,-147,-141,-137,-102,-512,-496]} 1. d4 Nf6 2. c4 c5 3. d5 g6 4. Nc3 Bg7 5. e4 d6 6. Nf3 O-O 7. Be2 e6 8. O-O Re8 9. Bg5 h6 {E91: King's Indian: Classical: 6 Be2, unusual replies including 6...c5 and 6...Bg4.} 10. Bh4 g5 11. Bg3 exd5 {The position is equal.} 12. exd5 Nh5 $1 13. Nd2 Nxg3 14. fxg3 Nd7 {[#]} 15. Rc1 $146 ({White should try} 15. Nde4 $11 Qe7 16. Qc2) ({Predecessor:} 15. Bh5 Ne5 16. Nf3 Rf8 17. Nxe5 Bxe5 18. Qf3 f5 19. Kh1 g4 20. Qe3 Qg5 21. Qxg5+ hxg5 {0-1 (46) De Moura,B-Labussiere,Y (1876) Goiania 2018}) 15... Ne5 16. Nde4 (16. Bh5 $11 {remains equal.}) 16... f5 $17 17. Nf2 g4 18. b3 Ng6 (18... h5 $17) 19. Bd3 Bd4 (19... h5 $15) 20. Ne2 Be3 21. Rc2 Qg5 22. Kh1 Bd7 23. Rb2 Re7 24. Qb1 Rae8 25. Nd1 {[%cal Rd3f5]} Bd2 $36 {[%mdl 2048] Black has some pressure.} 26. Ng1 (26. Ndc3 $11) 26... Re1 {White must now prevent ...Rxf1.} 27. Qc2 Ba5 {And now ...Rxf1 would win.} 28. Be2 $2 {[%mdl 8192] [#]} (28. Rxe1 $17 {is a better chance.} Rxe1 29. Rb1) 28... R8xe2 $1 {[%mdl 512] Accuracy: White = 38%, Black = 78%.} 0-1

[Event "IV Copa Marcel Duchamp 2020"]
[Site "Montevideo"]
[Date "2020.02.08"]
[Round "1.15"]
[White "Mussanti, Diego"]
[Black "Martinez, Carlos Alejandro"]
[Result "1-0"]
[WhiteElo "2330"]
[BlackElo "2503"]
[Annotator "TA"]
[PlyCount "99"]
[EventDate "2020.02.08"]
[EventType "swiss"]
[EventCountry "URU"]
[SourceTitle "playchess.com"]
[Source "ChessBase"]
[SourceQuality "1"]

{[%evp 22,99,0,-19,34,39,55,38,61,46,70,62,79,69,52,35,85,80,215,170,234,215,337,226,228,227,376,386,391,405,391,402,400,393,365,299,396,395,385,370,487,501,518,513,477,461,421,359,484,488,506,478,662,662,657,659,648,641,849,842,824,825,1122,1103,5139,766,4512,5307,29972,29972,29983,29984,29984,29985,29985,29983,29986,29987,29987,29988]} 1. e4 e6 2. d4 d5 3. Nc3 Nf6 4. Bg5 Be7 5. e5 Nfd7 6. Bxe7 Qxe7 7. f4 a6 8. Nf3 c5 9. dxc5 Qxc5 10. Qd2 Nc6 11. O-O-O b5 12. Ne2 Bb7 {C14: French: Classical System: 4 Bg5 Be7 main line.} (12... O-O $11) 13. Ned4 $14 Rc8 14. Nxc6 Rxc6 {White is slightly better.} 15. Nd4 {[#]} Rc8 $146 ({Predecessor:} 15... Rc7 16. f5 Qe7 17. fxe6 fxe6 18. Qf4 Rf8 19. Qg3 Nc5 20. Bd3 Ne4 21. Bxe4 dxe4 {½-½ (44) Manet,E (2036)-Tatard,M (1953) France 2006}) 16. h4 b4 17. Rh3 O-O 18. Re3 Rfe8 19. h5 g6 (19... Qe7 $16) 20. Rh3 Nf8 (20... Rc7 {was necessary.} 21. hxg6 fxg6) 21. g4 Bc6 (21... Rc7 {was called for.} 22. hxg6 fxg6) 22. Re3 (22. Bxa6 Ra8 $14) 22... Bd7 23. f5 (23. Bxa6 Ra8 $11) 23... exf5 (23... g5 $142 24. h6 (24. Bxa6 Ra8 $11) 24... Qc7) 24. gxf5 $18 Bxf5 25. Nxf5 gxf5 26. Rg3+ Ng6 27. hxg6 fxg6 28. Qxd5+ Kg7 {[%csl Gc8][%cal Rc5c2] [#]} 29. Qxc5 Rxc5 30. Rd7+ Kg8 31. Bxa6 Rcxe5 32. Bc4+ Kh8 33. b3 R5e7 34. Rd4 Kg7 35. Bd3 Rf8 36. Rxb4 f4 37. Rg1 f3 38. Kd2 f2 39. Rf1 g5 40. Rg4 h6 41. a4 Re5 42. Rg2 h5 43. Rfxf2 Rxf2+ 44. Rxf2 {[%mdl 4096] Endgame KRB-KR} g4 45. Rf5 {White mates.} Rxf5 46. Bxf5 Kf6 {[#]} 47. Bxg4 $1 {[%mdl 64] Promotion} hxg4 48. Ke3 Kg5 49. Kf2 Kf4 50. a5 {Accuracy: White = 81%, Black = 38%.} 1-0

[Event "IV Copa Marcel Duchamp 2020"]
[Site "Montevideo"]
[Date "2020.02.08"]
[Round "1.16"]
[White "Vieira, Alexandre Letizio"]
[Black "Coppola, Claudio"]
[Result "1/2-1/2"]
[WhiteElo "1722"]
[BlackElo "2314"]
[Annotator "TA"]
[PlyCount "111"]
[EventDate "2020.02.08"]
[EventType "swiss"]
[EventCountry "URU"]
[SourceTitle "playchess.com"]
[Source "ChessBase"]
[SourceQuality "1"]

{[%evp 16,111,10,0,0,0,18,0,22,-10,8,0,5,0,8,-16,0,-13,0,0,0,0,42,30,84,0,2,-31,7,-19,-27,-25,-20,-82,-14,-20,-20,-20,-24,-26,29,24,30,19,99,23,27,0,0,0,0,0,13,0,0,-35,0,0,0,0,0,-41,-31,-31,-31,-33,-36,-43,-19,-23,0,-62,-61,-104,0,-124,-16,-16,-9,-8,0,-15,-9,-15,-8,-12,0,0,0,0,0,0,0,0,0,0,0,0]} 1. d4 Nf6 2. Bf4 c5 3. e3 g6 4. c3 Bg7 5. Nd2 d5 6. Ngf3 O-O 7. Be2 b6 8. O-O Bb7 9. h3 Nc6 {D02: 1 d4 d5 2 Nf3 sidelines, including 2...Nf6 3 g3 and 2...Nf6 3 Bf4.} 10. Re1 Rc8 {[#]} 11. a4 $146 ({Predecessor:} 11. a3 Nd7 12. Qa4 a6 13. Rad1 b5 14. Qb3 c4 15. Qc2 f5 16. Bh2 e6 17. Kh1 {½-½ (69) Johnsen,O (1994)-Larsen,K (2254) Helsingor 2019}) 11... Nd7 12. Qb3 e5 13. dxe5 Ndxe5 14. Nxe5 Nxe5 15. Nf3 c4 16. Qd1 Nd7 17. Nd4 Nc5 18. Nb5 $1 a6 19. Nd6 Rc7 (19... Rb8 $11 {keeps the balance.}) 20. Nxb7 (20. Nxc4 $16 Re7 21. Nd2) 20... Rxb7 $11 21. Qc2 (21. e4 $5) 21... Qd7 22. Red1 Qe6 23. Bf3 Rd7 24. g4 (24. e4 $11) 24... b5 ({Black should try} 24... Be5 $17) 25. axb5 axb5 26. Ra5 Qb6 27. Ra3 Nd3 (27... Qb7 $142) 28. Rxd3 $1 cxd3 29. Qxd3 Qc5 (29... Qc6 $11 {remains equal.}) 30. Rb3 (30. Ra5 $16) 30... Qc4 31. Qxc4 (31. Qd1 {is more complex.} Qc6 32. Qf1 Rb7 33. Rb4 Rd8 34. Bg5) 31... bxc4 32. Rb5 Rfd8 33. Kf1 f6 34. h4 Bf8 35. Ke2 Kg7 36. g5 Be7 37. Bg4 f5 38. Bf3 (38. Be5+ {with more complications.} Kf7 39. Bf3 Ke6 40. Bd4 Ra8 41. Kf1) 38... Bd6 39. Bxd6 $1 Rxd6 $15 {[%mdl 4096] Endgame KRR-KRB} 40. b4 cxb3 41. Rxb3 Rc8 42. Rb7+ Kf8 43. Rxh7 (43. Kd3 $11) 43... Rxc3 44. h5 {[#]} Kg8 (44... d4 $1 $17 {White must now prevent ...d3+.} 45. Rh8+ Kf7 46. Rh7+ Kf8 47. Rh8+ Kf7 48. Rh7+ Kf8) 45. hxg6 {[#]} (45. Ra7 $11) 45... Rc2+ ({Resist} 45... Rxg6 46. Rd7 $15) ({Better is} 45... d4 $1 $17 {And now ...d3+ would win.} 46. Rb7 d3+ 47. Kf1 Rc1+ 48. Kg2 d2) 46. Kf1 $11 {The position is equal.} Rc1+ 47. Ke2 Rc2+ 48. Kf1 Rxg6 49. Rd7 $1 Rxg5 50. Bxd5+ Kf8 51. Be6 Ke8 {...Rc6 is the strong threat.} 52. Rd5 Rc1+ 53. Ke2 Rg2 54. Rxf5 Ke7 55. Bd5 Rh2 56. e4 {Accuracy: White = 72%, Black = 70%.} 1/2-1/2

[Event "IV Copa Marcel Duchamp 2020"]
[Site "Montevideo"]
[Date "2020.02.08"]
[Round "1.17"]
[White "De Dovitiis, Alejo"]
[Black "Ramirez Dominguez, Agustin"]
[Result "1-0"]
[WhiteElo "2314"]
[BlackElo "1894"]
[Annotator "TA"]
[PlyCount "62"]
[EventDate "2020.02.08"]
[EventType "swiss"]
[EventCountry "URU"]
[SourceTitle "playchess.com"]
[Source "ChessBase"]
[SourceQuality "1"]

{[%evp 11,62,10,14,-1,22,5,66,12,64,60,58,59,69,58,122,101,180,151,158,118,122,117,119,126,119,120,124,126,127,126,133,133,140,136,178,178,164,154,146,146,120,150,227,219,219,219,323,273,1415,1828,1679,769,932]} 1. e4 e6 2. d4 d5 3. exd5 exd5 4. Nf3 Nf6 5. Bd3 Bd6 6. O-O O-O 7. c4 {C01: French: Exchange Variation.} c6 8. h3 Be6 (8... dxc4 $11 9. Bxc4 Na6) 9. Ng5 {[#]} (9. c5 $14 Bc7 10. Nc3) 9... dxc4 $146 (9... Bc8 $11) ({Predecessor:} 9... Nbd7 10. Re1 Re8 11. Nxe6 Rxe6 12. Rxe6 fxe6 13. Nc3 e5 14. cxd5 exd4 15. dxc6 bxc6 {1-0 (35) Torres Kuckel,R (2301)-Stricker,F (1779) Unna 2012}) 10. Nxe6 $14 fxe6 11. Bxc4 Nd5 12. Nc3 {[%cal Bb1c3,Bc3e4,Be4c5][%mdl 32]} Bf4 (12... Na6 $14) 13. Qg4 $36 {[%mdl 2048] [#] Black must now prevent Bxd5. White has strong initiative.} Qf6 (13... Bxc1 $16 {keeps fighting.} 14. Qxe6+ (14. Rfxc1 Rf6 $14) 14... Kh8 15. Raxc1 (15. Rfxc1 Nb6 $14) 15... Nf4) 14. Ne4 Qf7 15. Nc5 {Hoping for Bxf4.} Bxc1 16. Raxc1 Nd7 17. Qxe6 Nxc5 18. Qxf7+ Kxf7 19. dxc5 Rad8 20. Rfd1 Kf6 21. Rd3 Rfe8 22. Rcd1 a5 23. Bxd5 cxd5 24. Rxd5 Re1+ 25. Rxe1 Rxd5 $16 {[%mdl 4096] Endgame KR-KR} 26. Rc1 Ke5 (26... Ke7 $16 27. Rc3 Kd7) 27. c6 bxc6 28. Rxc6 Kd4 (28... Rd1+ $142 29. Kh2 a4) 29. b3 Rc5 $2 {[#]} (29... Rh5 30. Rc7 g6) 30. Rxc5 $18 Kxc5 31. a3 (31. g4 $142 Kd4 32. Kg2) 31... Kd5 {Accuracy: White = 80%, Black = 41%.} 1-0

[Event "IV Copa Marcel Duchamp 2020"]
[Site "Montevideo"]
[Date "2020.02.08"]
[Round "1.18"]
[White "Manteiga, Franco"]
[Black "Lopez Azambuja, Nicolas"]
[Result "0-1"]
[WhiteElo "1703"]
[BlackElo "2310"]
[Annotator "TA"]
[PlyCount "18"]
[EventDate "2020.02.08"]
[EventType "swiss"]
[EventCountry "URU"]
[SourceTitle "playchess.com"]
[Source "ChessBase"]
[SourceQuality "1"]

{[%evp 9,18,11,83,28,17,16,35,38,32,45,29]} 1. d4 Nf6 2. c4 e6 3. Nc3 Bb4 4. f3 Nc6 5. e4 b6 (5... e5 $11 {remains equal.}) 6. Be3 {E20: Nimzo-Indian: 4 g3 and 4 f3} (6. Nge2 $16) 6... Bxc3+ $11 7. bxc3 Ba6 {[#]} 8. Bd3 $146 ({Predecessor:} 8. e5 Ng8 9. Bd3 Na5 10. Qe2 d6 11. f4 Qd7 12. Nf3 Ne7 13. Nd2 d5 14. O-O dxc4 15. Nxc4 Bxc4 16. Bxc4 Nxc4 17. Qxc4 {½-½ (42) Solozhenkina,E (2276)-Peycheva,G (2152) Porto Carras 2018}) 8... Na5 9. Qe2 d6 {[%mdl 32768] Loss on time!?} 0-1

[Event "IV Copa Marcel Duchamp 2020"]
[Site "Montevideo"]
[Date "2020.02.08"]
[Round "1.19"]
[White "Contin, Daniel"]
[Black "Osinaga, Eduardo"]
[Result "1-0"]
[WhiteElo "2267"]
[BlackElo "1697"]
[Annotator "TA"]
[PlyCount "79"]
[EventDate "2020.02.08"]
[EventType "swiss"]
[EventCountry "URU"]
[SourceTitle "playchess.com"]
[Source "ChessBase"]
[SourceQuality "1"]

{[%evp 14,79,59,54,75,50,60,65,61,52,66,61,54,54,55,59,54,36,155,29,37,28,132,140,135,144,140,141,148,102,97,75,129,62,114,126,115,113,136,139,166,163,141,46,320,320,457,453,604,592,567,381,327,243,225,214,316,301,358,359,374,342,520,508,29972,5895,29996,29997]} 1. e4 c5 2. Nf3 d6 3. d4 cxd4 4. Nxd4 e5 5. Bb5+ Bd7 6. Bxd7+ Qxd7 7. Ne2 Nf6 8. Nbc3 Be7 {B56: Classical Sicilian: Unusual Lines} 9. O-O O-O 10. Bg5 Nc6 {White is slightly better.} 11. Ng3 Nd4 12. Bxf6 Bxf6 13. Nd5 Bd8 14. c3 Ne6 {[#]} 15. Qg4 $146 ({Predecessor:} 15. Nf5 Kh8 16. Qd3 g6 17. Nfe3 Nc5 18. Qc2 f5 19. exf5 gxf5 20. f4 e4 21. Rad1 {0-1 (43) Rivara,M (1767)-Saffioti,M (1891) Genova 2014}) 15... Nc5 ({Black should try} 15... g6 $14) 16. Nf5 (16. Qxd7 $16 Nxd7 17. Nf5) 16... g6 $11 17. b4 $36 {[%mdl 2048] White fights for an advantage.} Kh8 (17... h5 $11 {keeps the balance.} 18. Qh3 Ne6) 18. bxc5 $16 {[#] And now Nfe3 would win.} gxf5 19. exf5 dxc5 20. Rad1 {Strongly threatening Nb6!} Qc6 21. Rd3 Rg8 22. Qe4 (22. Qc4 {is more complex.} Bg5 23. Rdd1 Rad8 24. Qe4 Rd6 25. c4) 22... f6 (22... c4 $142 23. Rg3 (23. Qxe5+ $2 f6 $19) 23... Rxg3 24. hxg3 f6) 23. Re1 (23. c4 $16) 23... Rg7 (23... c4 $14 24. Rh3 Rg7) 24. c4 Ba5 25. Ree3 Rag8 26. Rg3 Bd8 27. Rxg7 Rxg7 28. f4 ({Better is} 28. Nc3 $16 Qc8 29. Nd5) 28... Rg4 $2 {[%mdl 8192]} (28... Bc7 $1 $14) 29. Qe2 $18 Rg7 (29... e4 $142) 30. fxe5 fxe5 31. Qxe5 Bc7 32. Qe6 Qd6 33. Qxd6 Bxd6 {[%mdl 4096] Endgame KRB-KRN} 34. f6 Rf7 (34... Rg6 {keeps fighting.} 35. Re3 Rg8) 35. g4 h6 36. h4 Kh7 37. Kg2 Kg6 (37... Rf8 {was called for.} 38. Ne7 Rxf6) 38. h5+ Kg5 {[#]} (38... Kh7 $18 39. Re3 Kg8 40. Ne7+ Kh7) 39. Kh3 $1 {Threatening mate with Rf3.} Be5 40. Rf3 {Accuracy: White = 68%, Black = 33%.} 1-0

[Event "IV Copa Marcel Duchamp 2020"]
[Site "Montevideo"]
[Date "2020.02.08"]
[Round "1.20"]
[White "Nunez, Hiber"]
[Black "Michailov, Matias"]
[Result "0-1"]
[WhiteElo "1691"]
[BlackElo "2262"]
[Annotator "TA"]
[PlyCount "50"]
[EventDate "2020.02.08"]
[EventType "swiss"]
[EventCountry "URU"]
[SourceTitle "playchess.com"]
[Source "ChessBase"]
[SourceQuality "1"]

{[%evp 16,50,39,36,106,90,94,91,89,75,100,43,55,56,53,45,57,29,85,-57,-17,-14,-21,-58,-28,-47,12,15,37,-172,-174,-343,-339,-714,-696,-1512,-1416]} 1. d4 Nf6 2. c4 g6 3. Nc3 Bg7 4. e4 d6 5. f4 O-O 6. Nf3 Na6 7. Bd3 e5 8. fxe5 dxe5 9. d5 $1 ({Worse is} 9. Nxe5 Qxd4 10. Nf3 Qb6 $17) 9... c5 {E76: King's Indian: Four Pawns Attack: Lines specific to 6 Nf3 move-order.} (9... c6 $14) 10. a3 ({Much worse is} 10. Nxe5 $6 Re8 $11) 10... Ne8 11. O-O Nd6 {[#] White is better.} 12. Qc2 $146 ({Predecessor:} 12. Bg5 f6 13. Bh4 Qd7 14. Rb1 b6 15. b4 Bb7 16. Bf2 Rfc8 17. Qb3 Bf8 18. Ne1 {1-0 (35) Jianu,V (2542)-Nesterets,A (2376) Satu Mare 2018}) 12... h6 13. Be3 (13. Bd2 $16) 13... f5 $1 $14 14. Bf2 f4 15. h3 g5 16. Nh2 h5 (16... b6 $11 {remains equal.}) 17. g4 (17. Qd1 $16) 17... fxg3 18. Bxg3 Bxh3 19. Rxf8+ Qxf8 20. Qe2 h4 (20... Qf7 $15) 21. Bf2 $11 Qf6 {...g4! is the strong threat.} 22. Be3 $2 {[#]} (22. Qh5 $1 $14) 22... g4 $1 $36 {[%mdl 2560] Black is on the roll.} 23. Nd1 $2 (23. Nxg4 {is a better defense.} Qg6 24. Kh2 Bxg4 25. Qg2) 23... g3 24. Nf3 $2 (24. Qh5 gxh2+ 25. Kxh2) 24... Bg4 {And now ...h3 would win.} 25. Kg2 Rf8 {Accuracy: White = 38%, Black = 69%.} 0-1

[Event "IV Copa Marcel Duchamp 2020"]
[Site "Montevideo"]
[Date "2020.02.08"]
[Round "1.21"]
[White "Amura, Claudia"]
[Black "Munoz Rozas, Diego"]
[Result "1-0"]
[WhiteElo "2245"]
[BlackElo "1685"]
[Annotator "TA"]
[PlyCount "73"]
[EventDate "2020.02.08"]
[EventType "swiss"]
[EventCountry "URU"]
[SourceTitle "playchess.com"]
[Source "ChessBase"]
[SourceQuality "1"]

{[%evp 9,73,25,25,15,29,13,16,16,81,66,96,97,132,81,123,123,156,116,131,77,113,114,158,172,168,154,185,163,156,166,174,135,160,130,171,159,180,178,170,148,181,178,175,168,242,160,157,155,395,397,620,610,661,617,594,583,758,739,4802,3149,5904,6134,5237,5154,5110,4810]} 1. d4 Nf6 2. Bg5 Ne4 3. Bf4 d5 4. e3 e6 5. Nd2 Nxd2 6. Qxd2 {A45: Trompowsky Attack} Bd6 7. Bg3 c5 8. dxc5 {[#] The position is equal.} Bxg3 $146 (8... Bxc5 $11 9. c4 O-O) ({Predecessor:} 8... Bxc5 9. Qc3 Be7 10. Nf3 O-O 11. Be2 Nc6 12. O-O Bd7 13. Ne5 Nxe5 14. Bxe5 Rc8 {½-½ (63) Druska,J (2395)-Plachetka,J (2373) Bardejov 2014}) 9. hxg3 $16 Nc6 10. Nf3 Qf6 11. Rb1 ({Better is} 11. O-O-O) 11... Bd7 12. b4 Rd8 13. Be2 O-O 14. Bd3 (14. c4 $142) 14... g6 15. e4 Ne5 {[#]} 16. Qh6 $1 {[%csl Gh1][%cal Rh6h7]} Nxf3+ 17. gxf3 {[%csl Gh1][%cal Rh6h7]} Qc3+ 18. Kf1 {[%csl Gh1][%cal Rh6h7]} Qg7 19. exd5 $40 {[%mdl 128] White wants a kill.} exd5 20. Qxg7+ Kxg7 21. Rh4 Rfe8 22. Rd4 Re5 23. Kg1 Rde8 24. Kg2 Rh5 25. g4 Rhe5 26. Kg3 g5 (26... a6 $142 27. c4 dxc4) 27. f4 gxf4+ 28. Kxf4 f5 $2 (28... h5 $16) 29. Rh1 $18 Re4+ (29... R8e7 $142 30. gxf5 a6) 30. Bxe4 {White is clearly winning.} fxe4 31. Rxd5 {[%mdl 4096] Endgame KRR-KRB} Rf8+ 32. Kg5 Bc6 33. Re5 Rxf2 {[#]} 34. b5 $1 Bxb5 35. Re7+ {[%mdl 64] Double Attack} Kf8 36. Rxb7 {[%mdl 64] Double Attack} a6 37. Rhxh7 {Accuracy: White = 82%, Black = 30%.} 1-0

[Event "IV Copa Marcel Duchamp 2020"]
[Site "Montevideo"]
[Date "2020.02.08"]
[Round "1.22"]
[White "Campora, Edgardo"]
[Black "Larrea, Manuel"]
[Result "0-1"]
[WhiteElo "1676"]
[BlackElo "2243"]
[Annotator "TA"]
[PlyCount "30"]
[EventDate "2020.02.08"]
[EventType "swiss"]
[EventCountry "URU"]
[SourceTitle "playchess.com"]
[Source "ChessBase"]
[SourceQuality "1"]

{[%evp 19,30,27,31,23,11,-6,0,-20,-26,-18,-21,-395,-389]} 1. e4 c5 2. Nf3 Nc6 3. d4 cxd4 4. Nxd4 Nf6 5. Nc3 d6 6. Be2 e5 7. Nb3 Be7 8. Be3 O-O 9. O-O a5 10. Nd2 Be6 11. Nc4 {B59: Classical Sicilian: 6 Be2 e5 7 Nb3.} b5 12. Nxb5 {[%cal Rc4d6]} Nxe4 13. f3 Nf6 14. Ncxd6 Nd5 {[#]} 15. Nc4 $146 {[%mdl 8192] [#]} (15. Bf2 $11) ({Predecessor:} 15. Bf2 Bxd6 16. Nxd6 Qxd6 17. c4 Rfd8 18. cxd5 Bxd5 19. Qa4 Qe6 20. Rfe1 Nd4 21. Bxd4 exd4 22. Qxd4 Bxa2 23. Qc5 Qd5 24. Qxd5 {½-½ (24) Cuijpers,F (2500)-Nijboer,F (2598) Netherlands 2007}) 15... Nxe3 {[%mdl 64] Discovered Attack} 0-1